Machine tools in Latin America

Αποθηκεύτηκε σε:
Λεπτομέρειες βιβλιογραφικής εγγραφής
Συγγραφή απο Οργανισμό/Αρχή: United Nations Industrial Development Organization Vienna.
Μορφή: Βιβλίο
Γλώσσα:Undetermined
Έκδοση: New York United Nations 1974
Θέματα:
Ετικέτες: Προσθήκη ετικέτας
Δεν υπάρχουν, Καταχωρήστε ετικέτα πρώτοι!
Thư viện lưu trữ: Trung tâm Học liệu Trường Đại học Cần Thơ
LEADER 00603nam a2200205Ia 4500
001 CTU_98930
008 210402s9999 xx 000 0 und d
082 |a 300 
082 |b U58 
110 |a United Nations Industrial Development Organization Vienna. 
245 0 |a Machine tools in Latin America 
245 0 |c United Nations Industrial Development Organization Vienna 
260 |a New York 
260 |b United Nations 
260 |c 1974 
650 |a Machine 
650 |y Latin america 
650 |z Tool industry 
904 |i Giang 
980 |a Trung tâm Học liệu Trường Đại học Cần Thơ